[Event "Isle of Wight International"]
[Site "Ryde"]
[Date "2025.02.18"]
[Round "2.24"]
[White "Adams, Henry"]
[Black "Dorrance, Adam"]
[Result "1/2-1/2"]
[WhiteElo "2082"]
[BlackElo "2284"]
[PlyCount "107"]
[EventDate "2025.02.18"]
[EventType "swiss"]
[EventRounds "9"]
[EventCountry "ENG"]
[SourceTitle "BritBase"]
[Source "John Saunders"]
[SourceDate "2025.02.21"]
[SourceVersion "1"]
[SourceVersionDate "2025.02.21"]
[SourceQuality "1"]

1. d4 d5 2. Nf3 Nf6 3. g3 Bf5 4. Bg2 h6 5. O-O e6 6. c4 c6 7. Nc3 Be7 8. Nd2 O-O 9. e4 dxe4 10. Ndxe4 Nxe4 11. Nxe4 Nd7 12. Be3 a5 13. Nc3 Bf6 14. Qe2 a4 15. a3 Qa5 16. Rfd1 Rfe8 17. Ne4 Bxe4 18. Bxe4 Rad8 19. Bd2 Qa6 20. Be3 Qa5 21. Bd2 Qc7 22. Bc3 c5 23. Qf3 cxd4 24. Bxd4 Bxd4 25. Rxd4 Ne5 26. Qc3 Rxd4 27. Qxd4 Rd8 28. Qc3 Nxc4 29. Rc1 b5 30. Bd3 Qc5 31. Bxc4 bxc4 32. Qf3 Qb5 33. Qe4 Rc8 34. Rc2 Qd5 35. Qe2 Qc5 36. Qe4 g6 37. Qb7 Qc6 38. Qb4 Rd8 39. Rc1 h5 40. h4 Kg7 41. Qc3+ Kh7 42. Qf6 Rd7 43. Qf4 Kg7 44. Kh2 Rc7 45. Qd4+ f6 46. Qd8 Qc5 47. Kg1 Rb7 48. Rd1 Qe7 49. Qc8 Rc7 50. Qa8 c3 51. bxc3 Rxc3 52. Qxa4 Rxa3 53. Rd7 Rxa4 54. Rxe7+ 1/2-1/2

[Event "Isle of Wight International"]
[Site "Ryde"]
[Date "2025.02.18"]
[Round "2.25"]
[White "Bezuidenhout, Roland"]
[Black "Rastogi, Nayan Keats"]
[Result "1-0"]
[WhiteElo "2283"]
[BlackElo "1843"]
[PlyCount "91"]
[EventDate "2025.02.18"]
[EventType "swiss"]
[EventRounds "9"]
[EventCountry "ENG"]
[SourceTitle "BritBase"]
[Source "John Saunders"]
[SourceDate "2025.02.21"]
[SourceVersion "1"]
[SourceVersionDate "2025.02.21"]
[SourceQuality "1"]

1. e4 c5 2. Nf3 d6 3. g3 Nf6 4. d3 Nc6 5. Bg2 Bg4 6. h3 Bxf3 7. Bxf3 d5 8. exd5 Nxd5 9. Nc3 e6 10. Nxd5 exd5 11. O-O Be7 12. c3 Qd7 13. Bg4 Qc7 14. Bf4 Bd6 15. Re1+ Ne7 16. Qa4+ Kf8 17. Bxd6 Qxd6 18. Re2 g6 19. d4 Nc6 20. dxc5 Qxc5 21. Bf3 Rd8 22. Rd1 Kg7 23. Red2 Ne7 24. Qd4+ Qxd4 25. Rxd4 Rhe8 26. Kf1 Rd6 27. Bxd5 Nxd5 28. Rxd5 Rxd5 29. Rxd5 Re7 30. Rd6 h5 31. h4 Kf8 32. a4 Ke8 33. Rd5 Re6 34. f3 f5 35. Kf2 Ke7 36. b3 Ke8 37. c4 Ke7 38. b4 Ke8 39. c5 Ke7 40. b5 a6 41. b6 Ke8 42. f4 Rc6 43. Ke3 Ke7 44. Kd4 Kf6 45. Rd7 Re6 46. Rxb7 1-0

[Event "Isle of Wight International"]
[Site "Ryde"]
[Date "2025.02.18"]
[Round "2.26"]
[White "Chong, Kai Ni Agnes"]
[Black "Fava, Lorenzo"]
[Result "0-1"]
[WhiteElo "1955"]
[BlackElo "2269"]
[PlyCount "78"]
[EventDate "2025.02.18"]
[EventType "swiss"]
[EventRounds "9"]
[EventCountry "ENG"]
[SourceTitle "BritBase"]
[Source "John Saunders"]
[SourceDate "2025.02.21"]
[SourceVersion "1"]
[SourceVersionDate "2025.02.21"]
[SourceQuality "1"]

1. d4 g6 2. c4 Bg7 3. Nc3 d6 4. Nf3 Nc6 5. d5 Ne5 6. Nxe5 Bxe5 7. e4 Nf6 8. Bd3 O-O 9. h3 Nh5 10. Bh6 Bg7 11. Qd2 e5 12. g3 Nf4 13. Bxg7 Nxd3+ 14. Qxd3 Kxg7 15. g4 Qh4 16. Rg1 a6 17. Qe3 Kh8 18. O-O-O Bd7 19. Rdf1 f5 20. f4 Qh6 21. exf5 gxf5 22. g5 Qg7 23. h4 b5 24. c5 b4 25. Ne2 Bb5 26. Rf2 Rae8 27. Ng3 exf4 28. Qxf4 Qe5 29. Qxb4 f4 30. Nh5 Be2 31. g6 hxg6 32. Nxf4 Qe3+ 33. Qd2 Qxf2 34. Nxg6+ Kg7 35. Qg5 Qxc5+ 36. Kd2 Qd4+ 37. Kc2 Bd3+ 38. Kb3 Rb8+ 39. Ka3 Qb4# 0-1

[Event "Isle of Wight International"]
[Site "Ryde"]
[Date "2025.02.18"]
[Round "2.27"]
[White "Buchwald, Filip"]
[Black "Collin, Moritz Valentin"]
[Result "0-1"]
[WhiteElo "1636"]
[BlackElo "2240"]
[PlyCount "64"]
[EventDate "2025.02.18"]
[EventType "swiss"]
[EventRounds "9"]
[EventCountry "ENG"]
[SourceTitle "BritBase"]
[Source "John Saunders"]
[SourceDate "2025.02.21"]
[SourceVersion "1"]
[SourceVersionDate "2025.02.21"]
[SourceQuality "1"]

1. c4 e5 2. Nc3 Bb4 3. Nd5 Be7 4. g3 Nf6 5. Nxe7 Qxe7 6. Bg2 O-O 7. d3 c6 8. Bg5 Rd8 9. Qb3 h6 10. Bxf6 Qxf6 11. Nf3 d5 12. Nd2 d4 13. Ne4 Qe7 14. O-O f5 15. Nd2 Nd7 16. Rac1 Nf6 17. Qc2 c5 18. b4 cxb4 19. c5 Be6 20. Rb1 Rac8 21. Rxb4 b6 22. Rb5 Nd5 23. Bxd5 Rxd5 24. Nb3 bxc5 25. Na5 Rd7 26. Rc1 Rdc7 27. Nc4 Bd5 28. Rcb1 e4 29. Rb8 f4 30. Rxc8+ Rxc8 31. Nd2 e3 32. fxe3 Qxe3+ 0-1

[Event "Isle of Wight International"]
[Site "Ryde"]
[Date "2025.02.18"]
[Round "2.28"]
[White "Kovalskyi, Roman"]
[Black "Ding, Yiwen"]
[Result "1-0"]
[WhiteElo "2240"]
[BlackElo "1772"]
[PlyCount "71"]
[EventDate "2025.02.18"]
[EventType "swiss"]
[EventRounds "9"]
[EventCountry "ENG"]
[SourceTitle "BritBase"]
[Source "John Saunders"]
[SourceDate "2025.02.21"]
[SourceVersion "1"]
[SourceVersionDate "2025.02.21"]
[SourceQuality "1"]

1. e4 c6 2. d4 d5 3. exd5 cxd5 4. Bd3 Nc6 5. c3 Nf6 6. h3 g6 7. Nf3 Bg7 8. Qc2 O-O 9. O-O b6 10. a4 Bb7 11. Bf4 Rc8 12. Qe2 e6 13. Na3 Qe7 14. Nb5 Rfd8 15. Ne5 Ne8 16. Bg3 Ba8 17. h4 Nxe5 18. dxe5 h5 19. Qe3 Qb7 20. Nd4 Bf8 21. Qe2 Qe7 22. a5 Rd7 23. Bb5 Rdc7 24. Ra4 Ng7 25. Rfa1 Qd8 26. axb6 axb6 27. Bf4 Qxh4 28. Qe3 Qd8 29. Bg5 Be7 30. Bf6 Bb7 31. Qg5 Qf8 32. Bd3 Kh7 33. Ra7 Ra8 34. Nb5 Rxa7 35. Rxa7 Rd7 36. Bxe7 1-0

[Event "Isle of Wight International"]
[Site "Ryde"]
[Date "2025.02.18"]
[Round "2.29"]
[White "Brackmann, Hendrik"]
[Black "Wadsworth, Matthew J"]
[Result "0-1"]
[WhiteElo "2021"]
[BlackElo "2489"]
[PlyCount "30"]
[EventDate "2025.02.18"]
[EventType "swiss"]
[EventRounds "9"]
[EventCountry "ENG"]
[SourceTitle "BritBase"]
[Source "John Saunders"]
[SourceDate "2025.02.21"]
[SourceVersion "1"]
[SourceVersionDate "2025.02.21"]
[SourceQuality "1"]

1. e4 c5 2. Nf3 e6 3. d4 cxd4 4. Nxd4 Nc6 5. Nc3 Qc7 6. Be3 a6 7. g4 h6 8. h4 Nf6 9. Nxc6 bxc6 10. Qf3 Rb8 11. O-O-O Qa5 12. Bc4 Rxb2 13. Rd3 Ba3 14. Kd2 d5 15. exd5 cxd5 0-1

[Event "Isle of Wight International"]
[Site "Ryde"]
[Date "2025.02.18"]
[Round "2.30"]
[White "Greet, Andrew N"]
[Black "Vadalia, Jainill"]
[Result "1-0"]
[WhiteElo "2398"]
[BlackElo "1998"]
[PlyCount "73"]
[EventDate "2025.02.18"]
[EventType "swiss"]
[EventRounds "9"]
[EventCountry "ENG"]
[SourceTitle "BritBase"]
[Source "John Saunders"]
[SourceDate "2025.02.21"]
[SourceVersion "1"]
[SourceVersionDate "2025.02.21"]
[SourceQuality "1"]

1. Nf3 Nf6 2. g3 b6 3. Bg2 Bb7 4. O-O e6 5. d3 d5 6. Nc3 Be7 7. e4 d4 8. Ne2 c5 9. e5 Nd5 10. h4 Nd7 11. Nf4 O-O 12. Re1 Qc7 13. Ng5 Bxg5 14. hxg5 Rfe8 15. Nxd5 Bxd5 16. Bxd5 exd5 17. f4 Qc6 18. Bd2 Rac8 19. b3 c4 20. Bb4 Qb5 21. Bd6 cxd3 22. Qxd3 Qxd3 23. cxd3 Rc3 24. Rac1 Nc5 25. Bxc5 bxc5 26. Kf2 a5 27. Ke2 a4 28. Kd2 axb3 29. axb3 Rxb3 30. Rxc5 Rd8 31. Ra1 Rb2+ 32. Rc2 Rb4 33. Ra7 Rdb8 34. Ra5 Rd8 35. Rxd5 Rdb8 36. Ke2 g6 37. Rd7 1-0

[Event "Isle of Wight International"]
[Site "Ryde"]
[Date "2025.02.18"]
[Round "2.31"]
[White "Fellowes, Billy"]
[Black "Tomaszewski, Kacper"]
[Result "1-0"]
[WhiteElo "2066"]
[BlackElo "2348"]
[PlyCount "129"]
[EventDate "2025.02.18"]
[EventType "swiss"]
[EventRounds "9"]
[EventCountry "ENG"]
[SourceTitle "BritBase"]
[Source "John Saunders"]
[SourceDate "2025.02.21"]
[SourceVersion "1"]
[SourceVersionDate "2025.02.21"]
[SourceQuality "1"]

1. g3 d5 2. Nf3 Nf6 3. Bg2 g6 4. d3 Bg7 5. O-O O-O 6. Nbd2 Nc6 7. h3 e5 8. e4 a5 9. Re1 dxe4 10. dxe4 a4 11. a3 b6 12. Nc4 Qe7 13. Bg5 Qc5 14. Bxf6 Bxf6 15. Ne3 Bg7 16. Nd5 Ra7 17. Re3 Nd4 18. Rc3 Qd6 19. Nxd4 exd4 20. Rc6 Qd8 21. Qf3 Bd7 22. Nf6+ Kh8 23. Nxd7 Qxd7 24. e5 Bxe5 25. Rd1 Qf5 26. Qxf5 gxf5 27. f4 Bd6 28. Rc4 c5 29. Bc6 Rfa8 30. c3 Rg8 31. Kf2 Be7 32. cxd4 cxd4 33. Bxa4 Bc5 34. Rd3 Re7 35. b4 Re3 36. Rxe3 dxe3+ 37. Kf3 e2 38. Kxe2 Bg1 39. Kf3 Ra8 40. Bc2 Rxa3+ 41. Kg2 Be3 42. Bxf5 Bd2 43. b5 Be1 44. g4 Rg3+ 45. Kf1 Ba5 46. g5 Kg7 47. h4 Rc3 48. Rd4 Rc5 49. Bd3 h6 50. f5 hxg5 51. hxg5 Kf8 52. f6 Re5 53. Bc4 Bc3 54. Rd8+ Re8 55. Rd7 Re5 56. Rxf7+ Ke8 57. Rg7 Rf5+ 58. Ke2 Bb4 59. Kd3 Bd6 60. Be6 Re5 61. Rg8+ Bf8 62. Bc4 Rf5 63. Ke4 Rc5 64. Bd5 Rc1 65. g6 1-0

[Event "Isle of Wight International"]
[Site "Ryde"]
[Date "2025.02.18"]
[Round "2.32"]
[White "Camacho Collados, Jose"]
[Black "Freeland, Alex"]
[Result "1-0"]
[WhiteElo "2345"]
[BlackElo "2025"]
[PlyCount "69"]
[EventDate "2025.02.18"]
[EventType "swiss"]
[EventRounds "9"]
[EventCountry "ENG"]
[SourceTitle "BritBase"]
[Source "John Saunders"]
[SourceDate "2025.02.21"]
[SourceVersion "1"]
[SourceVersionDate "2025.02.21"]
[SourceQuality "1"]

1. d4 Nf6 2. Nf3 d5 3. c3 c5 4. dxc5 e6 5. Be3 a5 6. c4 Na6 7. cxd5 exd5 8. Nc3 Nxc5 9. g3 Be7 10. Bg2 O-O 11. O-O b6 12. Nd4 Bb7 13. Nf5 Re8 14. Nxe7+ Qxe7 15. Qd4 Rad8 16. Rfd1 Nfe4 17. Rac1 h5 18. b4 Nxc3 19. Rxc3 Ne4 20. Rb3 a4 21. Rbb1 b5 22. Bf4 Rc8 23. Rbc1 Rc4 24. Rxc4 dxc4 25. a3 Qf6 26. Qxf6 gxf6 27. Rd7 Ba8 28. Bf3 Rc8 29. Bxh5 c3 30. Bxf7+ Kh8 31. f3 Bc6 32. Rd3 c2 33. Bg6 Ng5 34. Bxg5 fxg5 35. Rc3 1-0

[Event "Isle of Wight International"]
[Site "Ryde"]
[Date "2025.02.18"]
[Round "2.33"]
[White "Badacsonyi, Stanley"]
[Black "Cansdale, Zach"]
[Result "1-0"]
[WhiteElo "2307"]
[BlackElo "1955"]
[PlyCount "93"]
[EventDate "2025.02.18"]
[EventType "swiss"]
[EventRounds "9"]
[EventCountry "ENG"]
[SourceTitle "BritBase"]
[Source "John Saunders"]
[SourceDate "2025.02.21"]
[SourceVersion "1"]
[SourceVersionDate "2025.02.21"]
[SourceQuality "1"]

1. d4 d5 2. c4 e6 3. Nc3 Nf6 4. cxd5 exd5 5. Bg5 Be7 6. e3 c6 7. Bd3 O-O 8. Qc2 Nbd7 9. Nge2 Re8 10. O-O Nf8 11. f3 b5 12. h3 Bd7 13. Bh4 Ng6 14. Bf2 b4 15. Na4 Qc8 16. Nc5 Bxh3 17. Ba6 Qf5 18. Qxf5 Bxf5 19. Bb7 Rab8 20. Bxc6 Rec8 21. Ba4 Bxc5 22. dxc5 Bd3 23. Rfe1 Rxc5 24. Bg3 Rd8 25. Nd4 Ne7 26. Rad1 Bg6 27. Bh4 Nf5 28. Nxf5 Bxf5 29. e4 Bd7 30. Bb3 Re8 31. e5 Nh5 32. Rd4 g6 33. Rxb4 Be6 34. Bf2 Rc7 35. Rd1 Rd8 36. Ra4 Rdd7 37. Ra6 Nf4 38. Ba4 Rd8 39. Be3 Nh5 40. Bb3 Rdd7 41. Rd6 Ng3 42. Bxd5 Bxd5 43. R1xd5 Re7 44. Rd8+ Kg7 45. Bc5 Ne2+ 46. Kf2 Nf4 47. Bxe7 1-0

[Event "Isle of Wight International"]
[Site "Ryde"]
[Date "2025.02.18"]
[Round "2.34"]
[White "Maki Uuro, Miika"]
[Black "Yu, Rock"]
[Result "1-0"]
[WhiteElo "2278"]
[BlackElo "1980"]
[PlyCount "93"]
[EventDate "2025.02.18"]
[EventType "swiss"]
[EventRounds "9"]
[EventCountry "ENG"]
[SourceTitle "BritBase"]
[Source "John Saunders"]
[SourceDate "2025.02.21"]
[SourceVersion "1"]
[SourceVersionDate "2025.02.21"]
[SourceQuality "1"]

1. Nf3 Nf6 2. c4 b6 3. g3 Bb7 4. Bg2 e6 5. O-O Be7 6. Nc3 O-O 7. d4 Ne4 8. Bd2 f5 9. Ne5 d6 10. Nd3 Nxc3 11. Bxc3 Bxg2 12. Kxg2 Qd7 13. Qb3 Bf6 14. Rac1 Kh8 15. Rfe1 Nc6 16. d5 Nd8 17. Bxf6 Rxf6 18. e4 e5 19. f4 Nf7 20. fxe5 dxe5 21. Qd1 fxe4 22. Rxe4 Ng5 23. Qg4 Qxg4 24. Rxg4 Nf3 25. Re4 Raf8 26. Rc2 Rf5 27. Rce2 Nd4 28. Rf2 c6 29. Rxf5 Rxf5 30. Rxe5 Rxe5 31. Nxe5 cxd5 32. cxd5 Nf5 33. Nc6 Ne3+ 34. Kf3 Nxd5 35. Nxa7 Kg8 36. Ke4 Nf6+ 37. Kd4 Kf7 38. Nc8 Nd7 39. Kd5 Ke8 40. Kc6 Ne5+ 41. Kb5 Nf3 42. h3 g5 43. Nxb6 Nd4+ 44. Kc5 Ne2 45. a4 Nxg3 46. a5 Ne4+ 47. Kc6 1-0

[Event "Isle of Wight International"]
[Site "Ryde"]
[Date "2025.02.18"]
[Round "2.35"]
[White "Banerjee, Supratit"]
[Black "Maton, Emily"]
[Result "1-0"]
[WhiteElo "2264"]
[BlackElo "1886"]
[PlyCount "71"]
[EventDate "2025.02.18"]
[EventType "swiss"]
[EventRounds "9"]
[EventCountry "ENG"]
[SourceTitle "BritBase"]
[Source "John Saunders"]
[SourceDate "2025.02.21"]
[SourceVersion "1"]
[SourceVersionDate "2025.02.21"]
[SourceQuality "1"]

1. e4 c5 2. Nf3 e6 3. d4 cxd4 4. Nxd4 Nf6 5. Nc3 Nc6 6. Be2 Bc5 7. Nxc6 bxc6 8. e5 Nd5 9. Ne4 Be7 10. c4 Nb6 11. O-O Qc7 12. f4 Bb7 13. b3 c5 14. Nd6+ Bxd6 15. exd6 Qc6 16. Bf3 Qc8 17. Bb2 Bxf3 18. Rxf3 Rg8 19. Rg3 Qc6 20. Qd3 O-O-O 21. Bxg7 f5 22. Rd1 Kb7 23. Kf2 a5 24. a4 Ra8 25. h4 Nc8 26. Rg5 Ra6 27. Be5 Rxg5 28. hxg5 Rb6 29. Qf3 Qxf3+ 30. gxf3 Rxb3 31. Rh1 Kc6 32. Rxh7 Nxd6 33. g6 Nc8 34. Rh8 Ne7 35. g7 d5 36. Re8 1-0

[Event "Isle of Wight International"]
[Site "Ryde"]
[Date "2025.02.18"]
[Round "2.36"]
[White "Tsakiris, Haralambos"]
[Black "Pereslavtsev, Alexandr"]
[Result "0-1"]
[WhiteElo "2178"]
[BlackElo "1946"]
[PlyCount "82"]
[EventDate "2025.02.18"]
[EventType "swiss"]
[EventRounds "9"]
[EventCountry "ENG"]
[SourceTitle "BritBase"]
[Source "John Saunders"]
[SourceDate "2025.02.21"]
[SourceVersion "1"]
[SourceVersionDate "2025.02.21"]
[SourceQuality "1"]

1. e4 c5 2. Nf3 e6 3. c3 Nf6 4. Bd3 d5 5. e5 Nfd7 6. Bc2 Nc6 7. d4 b5 8. O-O Be7 9. Re1 Qb6 10. a3 a5 11. h4 Ba6 12. Be3 b4 13. Nbd2 Rb8 14. axb4 axb4 15. Ng5 cxd4 16. cxd4 Bxg5 17. hxg5 Qb7 18. Nb3 Bc4 19. Nd2 Nb6 20. b3 Ba6 21. Qh5 g6 22. Qh6 Nd7 23. Nf3 Ke7 24. Qh3 Na7 25. Bd2 Nc6 26. Qg4 Rhc8 27. Ra2 Qb6 28. Qh4 Ra8 29. Rea1 Qb7 30. Qf4 Be2 31. Ne1 Rxa2 32. Rxa2 Ra8 33. Rb2 Qb6 34. Be3 Ra1 35. Bb1 Ba6 36. Nc2 Ra5 37. Bd2 Bd3 38. Be3 Bxc2 39. Bxc2 Ra1+ 40. Bb1 Qa6 41. Qf3 Qd3 0-1

[Event "Isle of Wight International"]
[Site "Ryde"]
[Date "2025.02.18"]
[Round "2.37"]
[White "Lukhi, Neev"]
[Black "Dickenson, Neil F"]
[Result "0-1"]
[WhiteElo "1963"]
[BlackElo "2283"]
[PlyCount "94"]
[EventDate "2025.02.18"]
[EventType "swiss"]
[EventRounds "9"]
[EventCountry "ENG"]
[SourceTitle "BritBase"]
[Source "John Saunders"]
[SourceDate "2025.02.21"]
[SourceVersion "1"]
[SourceVersionDate "2025.02.21"]
[SourceQuality "1"]

1. d4 d5 2. Bf4 c5 3. e3 Nc6 4. Nf3 cxd4 5. exd4 Bg4 6. c3 e6 7. Qb3 Qd7 8. Nbd2 f6 9. Bd3 Nge7 10. O-O g5 11. Bg3 h5 12. h4 gxh4 13. Nxh4 Bh6 14. Qc2 Rc8 15. Bg6+ Nxg6 16. Qxg6+ Qf7 17. Qd3 Qh7 18. Qxh7 Rxh7 19. Nb3 Rg7 20. f3 Bf5 21. Nxf5 exf5 22. Kf2 Kf7 23. Rg1 b6 24. a4 Rcg8 25. Bh2 h4 26. Rae1 f4 27. Nc1 Kg6 28. Re6 Na5 29. Nd3 Nc4 30. b3 Kf5 31. Ree1 Ne3 32. Nxf4 Bxf4 33. Bxf4 Kxf4 34. Rxe3 Rxg2+ 35. Rxg2 Rxg2+ 36. Kxg2 Kxe3 37. Kh3 Kxf3 38. c4 Ke4 39. c5 bxc5 40. dxc5 Ke5 41. Kxh4 d4 42. Kg3 a5 43. Kf3 Kd5 44. c6 Kxc6 45. Ke4 Kc5 46. Kf4 f5 47. Kxf5 d3 0-1

[Event "Isle of Wight International"]
[Site "Ryde"]
[Date "2025.02.18"]
[Round "2.38"]
[White "Rappazzo, Johannes"]
[Black "Patel, Keatan"]
[Result "1/2-1/2"]
[WhiteElo "2209"]
[BlackElo "1957"]
[PlyCount "68"]
[EventDate "2025.02.18"]
[EventType "swiss"]
[EventRounds "9"]
[EventCountry "ENG"]
[SourceTitle "BritBase"]
[Source "John Saunders"]
[SourceDate "2025.02.21"]
[SourceVersion "1"]
[SourceVersionDate "2025.02.21"]
[SourceQuality "1"]

1. e4 e5 2. Nf3 Nc6 3. Bc4 Bc5 4. b4 Bxb4 5. c3 Be7 6. d4 Na5 7. Bd3 d6 8. dxe5 dxe5 9. Nxe5 Nf6 10. O-O O-O 11. Qc2 Qd6 12. f4 Rd8 13. Ba3 c5 14. Rf3 Be6 15. Nd2 b5 16. Nb3 Qb6 17. Kh1 Bf8 18. f5 Bd7 19. c4 bxc4 20. Nxc4 Nxc4 21. Bxc4 Bc6 22. Nxc5 Qa5 23. Bxf7+ Kh8 24. Qc3 Qxc3 25. Rxc3 Nxe4 26. Nxe4 Bxe4 27. Be6 Rd2 28. Rg1 Rf2 29. Bxf8 Rxf8 30. Rc7 Rd8 31. h3 h5 32. Rc8 Rxc8 33. Bxc8 Bxf5 34. Bxf5 Rxf5 1/2-1/2

[Event "Isle of Wight International"]
[Site "Ryde"]
[Date "2025.02.18"]
[Round "2.39"]
[White "Khoury, Theo"]
[Black "Jukes, Sam"]
[Result "0-1"]
[WhiteElo "2124"]
[BlackElo "1951"]
[PlyCount "46"]
[EventDate "2025.02.18"]
[EventType "swiss"]
[EventRounds "9"]
[EventCountry "ENG"]
[SourceTitle "BritBase"]
[Source "John Saunders"]
[SourceDate "2025.02.21"]
[SourceVersion "1"]
[SourceVersionDate "2025.02.21"]
[SourceQuality "1"]

1. e4 e5 2. Nf3 Nc6 3. d4 exd4 4. Nxd4 Nf6 5. Nxc6 bxc6 6. e5 Qe7 7. Qe2 Nd5 8. h4 Qe6 9. Nd2 a5 10. c4 Nb6 11. h5 h6 12. b3 Bb4 13. Bb2 a4 14. O-O-O axb3 15. axb3 Ba3 16. Nf3 O-O 17. Nd4 Bxb2+ 18. Kxb2 Qe7 19. Nc2 d5 20. exd6 Qf6+ 21. Nd4 Qxd6 22. Nc2 Qf6+ 23. Nd4 Rd8 0-1

[Event "Isle of Wight International"]
[Site "Ryde"]
[Date "2025.02.18"]
[Round "2.40"]
[White "Varro, Daniel"]
[Black "Kumar, Sanjit S"]
[Result "0-1"]
[WhiteElo "1925"]
[BlackElo "2074"]
[PlyCount "40"]
[EventDate "2025.02.18"]
[EventType "swiss"]
[EventRounds "9"]
[EventCountry "ENG"]
[SourceTitle "BritBase"]
[Source "John Saunders"]
[SourceDate "2025.02.21"]
[SourceVersion "1"]
[SourceVersionDate "2025.02.21"]
[SourceQuality "1"]

1. Nf3 d5 2. b3 Nf6 3. Bb2 e6 4. e3 c5 5. c4 Nc6 6. cxd5 exd5 7. Be2 d4 8. exd4 cxd4 9. Bb5 Bc5 10. Qe2+ Be6 11. Ng5 Qd6 12. Nxe6 fxe6 13. O-O O-O 14. Re1 d3 15. Qxe6+ Qxe6 16. Rxe6 Ng4 17. Ba3 Bxf2+ 18. Kh1 Bd4 19. Nc3 Nf2+ 20. Kg1 Nd1+ 0-1

[Event "Isle of Wight International"]
[Site "Ryde"]
[Date "2025.02.18"]
[Round "2.41"]
[White "Malinovsky, Ilya"]
[Black "Collyer, David"]
[Result "1-0"]
[WhiteElo "2073"]
[BlackElo "1929"]
[PlyCount "57"]
[EventDate "2025.02.18"]
[EventType "swiss"]
[EventRounds "9"]
[EventCountry "ENG"]
[SourceTitle "BritBase"]
[Source "John Saunders"]
[SourceDate "2025.02.21"]
[SourceVersion "1"]
[SourceVersionDate "2025.02.21"]
[SourceQuality "1"]

1. e4 e5 2. Nc3 Nf6 3. d4 exd4 4. Qxd4 Nc6 5. Qd3 Bb4 6. Bd2 d6 7. O-O-O O-O 8. Nge2 Re8 9. Bg5 h6 10. Bh4 g5 11. Bg3 Ne5 12. Bxe5 Rxe5 13. Qd4 Bxc3 14. Nxc3 Qe7 15. f3 Bd7 16. h4 Bc6 17. hxg5 hxg5 18. g3 g4 19. f4 Rh5 20. Bd3 Rd8 21. Rxh5 Nxh5 22. Rh1 Nf6 23. Rh6 Kg7 24. Rh5 d5 25. Rg5+ Kf8 26. e5 Ne4 27. Rxg4 b6 28. f5 Qc5 29. Rxe4 1-0

[Event "Isle of Wight International"]
[Site "Ryde"]
[Date "2025.02.18"]
[Round "2.42"]
[White "Buckland, Louis"]
[Black "Damodaran, Patrick"]
[Result "0-1"]
[WhiteElo "1919"]
[BlackElo "2072"]
[PlyCount "82"]
[EventDate "2025.02.18"]
[EventType "swiss"]
[EventRounds "9"]
[EventCountry "ENG"]
[SourceTitle "BritBase"]
[Source "John Saunders"]
[SourceDate "2025.02.21"]
[SourceVersion "1"]
[SourceVersionDate "2025.02.21"]
[SourceQuality "1"]

1. d4 Nf6 2. c4 g6 3. Nc3 Bg7 4. e4 d6 5. Be2 O-O 6. Bg5 Nbd7 7. Qd2 e5 8. d5 Nb6 9. a4 a5 10. h4 h5 11. f3 Bd7 12. Nh3 Qe8 13. Nb5 Bxb5 14. axb5 a4 15. Rg1 Nfd7 16. g4 hxg4 17. fxg4 Nc5 18. Qc2 Nb3 19. Ra3 Qd7 20. Be3 Qe7 21. Ng5 Nd7 22. Bd1 Ndc5 23. Qb1 Nd4 24. Nf3 Nxf3+ 25. Bxf3 Qxh4+ 26. Ke2 Nb3 27. Rh1 Qg3 28. Rxb3 axb3 29. Qf1 Ra2 30. Bc1 Ra1 31. Rg1 Qh2+ 32. Bg2 Bh6 33. Rh1 Qxh1 34. Qxh1 Bxc1 35. Qd1 Bxb2 36. Qxb3 Rfa8 37. b6 cxb6 38. Qxb6 R8a2 39. Qd8+ Kg7 40. g5 Bd4+ 41. Kf3 Rf2+ 0-1

[Event "Isle of Wight International"]
[Site "Ryde"]
[Date "2025.02.18"]
[Round "2.43"]
[White "Murawski, Jan"]
[Black "Zhu, Pengxiao"]
[Result "1-0"]
[WhiteElo "2071"]
[BlackElo "1922"]
[PlyCount "99"]
[EventDate "2025.02.18"]
[EventType "swiss"]
[EventRounds "9"]
[EventCountry "ENG"]
[SourceTitle "BritBase"]
[Source "John Saunders"]
[SourceDate "2025.02.21"]
[SourceVersion "1"]
[SourceVersionDate "2025.02.21"]
[SourceQuality "1"]

1. d4 Nf6 2. c4 e6 3. Nc3 Bb4 4. e3 O-O 5. Nge2 c6 6. a3 Ba5 7. b4 Bc7 8. Ng3 d5 9. Bb2 Nbd7 10. Be2 dxc4 11. Bxc4 e5 12. Nce2 e4 13. Nc3 Re8 14. Bb3 Nb6 15. Bc2 Bxg3 16. hxg3 Nbd5 17. Rh4 Bf5 18. Qe2 b5 19. Bb3 Nc7 20. Rd1 Be6 21. d5 Ncxd5 22. Nxd5 Nxd5 23. Bxd5 cxd5 24. Qh5 h6 25. Bxg7 Qg5 26. Bxh6 Qxh5 27. Rxh5 f6 28. Rc1 Re7 29. Bf4 Rd7 30. Rc6 Re8 31. Bd6 Bf7 32. Rh1 d4 33. Bc5 dxe3 34. fxe3 Red8 35. Bd4 Rxd4 36. exd4 Rxd4 37. Rxf6 Rd3 38. Rh4 Rxg3 39. Rxe4 Rxg2 40. Ra6 Bd5 41. Re5 Bc4 42. Rxa7 Kf8 43. Rc5 Re2+ 44. Kd1 Re8 45. Rcc7 Rd8+ 46. Rd7 Rc8 47. Rh7 Rd8+ 48. Kc1 Rc8 49. Rac7 Ra8 50. Rxc4 1-0

[Event "Isle of Wight International"]
[Site "Ryde"]
[Date "2025.02.18"]
[Round "2.44"]
[White "Obrochta, Lena"]
[Black "Kothari, Jai"]
[Result "1-0"]
[WhiteElo "1916"]
[BlackElo "2070"]
[PlyCount "95"]
[EventDate "2025.02.18"]
[EventType "swiss"]
[EventRounds "9"]
[EventCountry "ENG"]
[SourceTitle "BritBase"]
[Source "John Saunders"]
[SourceDate "2025.02.21"]
[SourceVersion "1"]
[SourceVersionDate "2025.02.21"]
[SourceQuality "1"]

1. e4 c5 2. Nf3 Nc6 3. d4 cxd4 4. Nxd4 g6 5. Nc3 Bg7 6. Nb3 d6 7. Be2 Nf6 8. O-O O-O 9. f4 b5 10. Bf3 Bb7 11. Kh1 b4 12. Nd5 a5 13. Rb1 a4 14. Nd2 Nd7 15. Nc4 Ba6 16. b3 axb3 17. axb3 Nc5 18. Be3 Bxc4 19. bxc4 Qa5 20. Bd2 Rab8 21. Qe1 Qa2 22. Bxb4 Qxc4 23. c3 e6 24. Ne3 Qb5 25. Be2 Qb6 26. Nc4 Qd8 27. e5 Nxb4 28. cxb4 Nb7 29. exd6 Qd7 30. Rd1 f6 31. b5 Rfd8 32. Nb6 Qe8 33. d7 Qe7 34. Nc8 Qf7 35. Bc4 Nc5 36. f5 gxf5 37. Rxf5 Qf8 38. Nd6 Kh8 39. Rxc5 Rxd7 40. Rc6 Rbd8 41. Qxe6 Re7 42. Qg4 f5 43. Qf3 Red7 44. Qd5 Re8 45. h3 Be5 46. Nf7+ Qxf7 47. Qxd7 Qh5 48. Bf7 1-0